Pedro: el primero de los apóstoles

Zapisane w:
Opis bibliograficzny
Główni autorzy: Berder, Michel (Autor), Blanchard, Yves-Marie (Autor), Burnet, Régis (Autor), Fabre, Jean-Philippe (Autor), Flichy, Odile (Autor), Schlosser, Jacques (Autor), Villemin, Laurent (Autor)
Format: Książka
Język:hiszpański
Wydane: Pamplona Verbo Divino 2014
Wydanie:1a. ed
Seria:Cuadernos Bíblicos, 165
Hasła przedmiotowe:
Etykiety: Dodaj etykietę
Nie ma etykietki, Dołącz pierwszą etykiete!

MARC

LEADER 00000cam a2200000 a 4500
001 UCD4408
003 CL-VaPUC
008 160708e20140000sp |||||||||||||||||spa|d
020 |a 9788490730539 
082 0 4 |a 227.92  |b BER  |2 21 
100 0 |a Berder, Michel  |e author  |9 588075 
700 0 |a Blanchard, Yves-Marie  |e author  |9 588076 
700 0 |a Burnet, Régis  |e author  |9 588077 
700 0 |a Fabre, Jean-Philippe  |e author  |9 588078 
700 0 |a Flichy, Odile  |e author  |9 588079 
700 0 |a Schlosser, Jacques  |e author  |9 588080 
700 0 |a Villemin, Laurent  |e author  |9 588081 
245 1 0 |a Pedro: el primero de los apóstoles 
250 |a 1a. ed 
300 |a 59 p 
942 |c BK 
945 |d 20160708 23:22:00  |a dcastane 
260 |a Pamplona  |b Verbo Divino  |c 2014 
600 0 7 |a PEDRO  |2 CL-VaPUC  |9 319983 
650 7 |a EPISTOLAS ITALIANAS  |2 CL-VaPUC  |9 479657 
650 0 |a Epístolas  |9 321181 
650 0 |a Apóstoles   |9 444286 
583 |a last modification  |c 20160708 23:22:00  |k Rodrigo Vera 
490 0 |a Cuadernos Bíblicos, 165 
999 |c 365306  |d 365304 
952 |0 0  |1 0  |3 erb  |4 0  |6 227_920000000000000_BER_2014  |7 0  |8 A  |9 479106  |a BIBTEO  |b BIBTEO  |i 5296250  |o 227.92 BER 2014  |p 5296250  |r 2025-01-17  |w 2019-11-24  |y BK  |z Catalogado en:20160708  |k ICR